Systems Biology Principles,Methods and Concepts (Record no. 23398)
[ view plain ]
| 000 -LEADER | |
|---|---|
| fixed length control field | 00296nam a22000977a 4500 |
| 008 - FIXED-LENGTH DATA ELEMENTS--GENERAL INFORMATION | |
| fixed length control field | 130416b xxu||||| |||| 00| 0 eng d |
| 020 ## - INTERNATIONAL STANDARD BOOK NUMBER | |
| International Standard Book Number | 0824725204 |
| Terms of availability | Avalable |
| 050 ## - LIBRARY OF CONGRESS CALL NUMBER | |
| Classification number | 572.822KON |
| Item number | 002273 |
| 245 ## - TITLE STATEMENT | |
| Title | Systems Biology Principles,Methods and Concepts |
| Statement of responsibility, etc. | Konopka,Andrzej K |
| 260 ## - PUBLICATION, DISTRIBUTION, ETC. | |
| Place of publication, distribution, etc. | USA |
| Name of publisher, distributor, etc. | Crc Press |
| Date of publication, distribution, etc. | 2007 |
| Withdrawn status | Lost status | Source of classification or shelving scheme | Damaged status | Not for loan | Permanent Location | Current Location | Shelving location | Date acquired | Total Checkouts | Total Renewals | Full call number | Barcode | Date last seen | Date last checked out | Price effective from | Koha item type |
|---|---|---|---|---|---|---|---|---|---|---|---|---|---|---|---|---|
| Central Library (CL) | Central Library (CL) | General Stacks | 04/16/2013 | 1 | 3 | 572.822 KON | RCMS002273 | 02/16/2022 | 09/04/2014 | 04/16/2013 | Book |
